000 00551nam a22001932 4500
001 0000001494
005 20170406113500.0
008 140114s xx 000 0 eng d
020 _c$
040 _aYour Holding Symbol
_cYour Holding Symbol
100 1 _aAddis Ababa.
245 1 0 _aProceedings of the third international conference of Ethiopian studies.
250 _a ed.
260 _aAdis Ababa :
_bEthiopia,
_c1966.
300 _a329 p. ;
_c cm.
504 _aindex.
650 0 _aethiopean history.
908 _a140114
999 _c1407
_d1407